[Event "Medellin Castro Memorial"]
[Site "Medellin"]
[Date "2015.05.01"]
[Round "3"]
[White "Lafforgue, Patrice"]
[Black "Arroyave Uribe, Santiago"]
[Result "0-1"]
[WhiteElo "1735"]
[BlackElo "1505"]
[PlyCount "58"]
[EventDate "2015.04.30"]
[EventType "swiss"]
[EventRounds "7"]
[EventCountry "COL"]
[SourceTitle "CBM 166 Extra"]
[Source "ChessBase"]
[SourceDate "2015.06.18"]
[SourceVersion "1"]
[SourceVersionDate "2015.06.18"]
[SourceQuality "1"]

1. e4 c5 2. Nf3 d6 3. d4 cxd4 4. Nxd4 Nf6 5. Nc3 g6 6. Bc4 Bg7 7. Be3 0-0 8. Qd2 Nc6 9. f3 Bd7 10. 0-0-0 Rc8 11. Kb1 Nxd4 12. Qxd4 Ng4 13. Bxf7+ Rxf7 14. Qxa7 Nxe3 15. Qxe3 Bxc3 16. bxc3 Qa5 17. e5 dxe5 18. Rxd7 Qb5+ 19. Kc1 Qxd7 20. Qxe5 Qd6 21. Qxd6 exd6 22. Rd1 Rfc7 23. Kb2 Rxc3 24. Rd2 Kf7 25. Re2 d5 26. a3 d4 27. Rd2 Ke6 28. f4 Kf5 29. g3 Ke4 0-1